[Event "VM Schachforum Darmstadt"]
[Site "Schachforum Darmstadt"]
[Date "2017.04.07"]
[Round "3.10"]
[White "Torrijos, Javier"]
[Black "Schönwelski, Ralph"]
[Result "0-1"]
[WhiteElo "1608"]
[BlackElo "1587"]
[PlyCount "50"]
[EventDate "2017.??.??"]
[SourceDate "2008.01.21"]
[WhiteTeam "Schachforum Darmstadt"]
[BlackTeam "SC Heimbach-Weis"]

1. d4 f5 2. Nc3 Nf6 3. Bg5 d5 4. e3 e6 5. Bd3 Be7 6. Nge2 h6 7. Bh4 Nbd7 8. Nf4
Nf8 9. Bg3 g5 10. Nh5 Ng6 11. Ng7+ Kf7 12. Nh5 b6 13. Nb5 a6 14. Nxf6 Bxf6 15.
Bxc7 Qe7 16. Nd6+ Kg7 17. Nxf5+ exf5 18. Bxb6 Qb4+ 19. Qd2 Qxb6 20. O-O Bd7 21.
c3 Bb5 22. Be2 Rhe8 23. Rfe1 Bxe2 24. Rxe2 f4 25. Rae1 f3 $1 0-1

[Event "VM Schachforum Darmstadt"]
[Site "Schachforum Darmstadt"]
[Date "2017.04.07"]
[Round "3.9"]
[White "Gärtner, Peter"]
[Black "Hartmann, Marc Holger"]
[Result "1-0"]
[WhiteElo "1689"]
[BlackElo "1658"]
[PlyCount "105"]
[EventDate "2017.??.??"]
[SourceDate "2008.01.21"]
[WhiteTeam "SV Bodenheim"]
[BlackTeam "Schachforum Darmstadt"]

1. e4 e5 2. d4 exd4 3. Qxd4 Nc6 4. Qe3 Nf6 5. Nc3 Bb4 6. Bd2 O-O 7. O-O-O Re8
8. Bc4 d6 9. f3 Be6 10. Bxe6 Rxe6 11. Nh3 Re8 12. Nf4 Bc5 13. Qe1 Ne5 14. b3 a5
15. a4 c6 16. Be3 Bb4 17. Bd4 Qc7 18. Qg3 b5 19. axb5 Bxc3 20. Bxc3 cxb5 21.
Kb2 a4 (21... Rec8 $1 22. Qe1 b4 $19) 22. Bb4 axb3 23. cxb3 Qa7 (23... Ra2+ $3
24. Kxa2 Qc2+ 25. Ka3 Ra8+ 26. Ba5 Rxa5+ 27. Kb4 Nc6#) 24. Ra1 Qd4+ 25. Bc3
Nd3+ $2 $14 (25... Qc5 $142 $19) 26. Nxd3 Qxd3 27. Rhd1 Qe2+ 28. Rd2 Qe3 29.
Rxa8 Rxa8 30. Qxd6 Qa7 31. Qb4 Qa6 32. Kc1 h6 33. Qd6 Qc8 34. Kb2 Ne8 35. Qb4
Qa6 36. Kc2 Rc8 37. Kd1 Qb6 38. Bd4 Qc6 39. Ke2 Kh7 40. Be3 Nf6 41. Qd6 Qc3 42.
e5 Ne4 43. fxe4 Qxb3 44. Qd4 Rc4 45. Qb2 Qa4 46. Qa2 Qb4 47. Rb2 Qc3 48. Rxb5
Rxe4 49. Qd2 Qc4+ 50. Qd3 Qa2+ 51. Kf3 Qa4 52. Qxe4+ Qxe4+ 53. Kxe4 1-0

[Event "VM Schachforum Darmstadt"]
[Site "Schachforum Darmstadt"]
[Date "2017.04.07"]
[Round "3.8"]
[White "Remscheid, Torsten"]
[Black "Tampe, Alexander"]
[Result "1/2-1/2"]
[WhiteElo "1689"]
[BlackElo "1713"]
[PlyCount "40"]
[EventDate "2017.??.??"]
[SourceDate "2008.01.21"]
[WhiteTeam "Schachforum Darmstadt"]
[BlackTeam "Schachforum Darmstadt"]

1. Nf3 Nc6 2. c4 e5 3. d3 Nf6 4. Nc3 d5 5. cxd5 Nxd5 6. g3 Bb4 7. Bd2 Be6 8.
Bg2 O-O 9. a3 Be7 10. O-O Qd7 11. Ng5 Nxc3 12. bxc3 Bxg5 13. Bxg5 Bh3 14. Bxh3
Qxh3 15. Qb3 b6 16. f3 Qd7 17. Qb5 a6 18. Qa4 b5 19. Qc2 Ne7 20. Bxe7 Qxe7 {(=)
} 1/2-1/2

[Event "VM Schachforum Darmstadt"]
[Site "Schachforum Darmstadt"]
[Date "2017.04.07"]
[Round "3.7"]
[White "Cors, Heinz-Friedrich"]
[Black "Blanquett, Jan Niklas"]
[Result "1-0"]
[WhiteElo "1952"]
[BlackElo "1694"]
[PlyCount "83"]
[EventDate "2017.??.??"]
[SourceDate "2008.01.21"]
[WhiteTeam "Schachforum Darmstadt"]
[BlackTeam "SV Rochade Hünfeld"]

1. c4 Nf6 2. Nc3 e6 3. e4 d5 4. e5 Nfd7 5. d4 dxc4 6. Nf3 c5 7. dxc5 Bxc5 8.
Bxc4 Nc6 9. Bf4 Qb6 10. O-O Qxb2 11. Nb5 Qb4 12. Qc1 O-O 13. a4 Na5 14. Bd2
Qxc4 15. Bxa5 Qxc1 16. Raxc1 b6 17. Bc3 Bb7 18. Rfd1 Rfd8 19. Bb2 Rac8 20. Ne1
a6 21. Nd6 Bxd6 22. Rxc8 Rxc8 23. Rxd6 Bc6 24. f4 Bxa4 25. Bd4 Bc6 26. Kf2 b5
27. g4 g6 28. Nc2 Bd5 29. Nb4 Nc5 30. Nxd5 Ne4+ 31. Ke3 Nxd6 32. Nf6+ Kf8 33.
exd6 Rc6 34. Nxh7+ Ke8 35. Nf6+ Kd8 36. Ne4 f5 37. Nc5 fxg4 38. Bf6+ Ke8 39.
d7+ Kf7 40. d8=Q Rxc5 41. Qe7+ Kg8 42. Qg7# 1-0

[Event "VM Schachforum Darmstadt"]
[Site "Schachforum Darmstadt"]
[Date "2017.04.07"]
[Round "3.5"]
[White "Nguyen, Mau Duong"]
[Black "Seehaus, Bernhard"]
[Result "1-0"]
[WhiteElo "1638"]
[BlackElo "2000"]
[PlyCount "93"]
[EventDate "2017.??.??"]
[SourceDate "2008.01.21"]
[WhiteTeam "Schachforum Darmstadt"]
[BlackTeam "Schachforum Darmstadt"]

1. e4 d6 2. Nf3 Nf6 3. Nc3 c6 4. d4 Bg4 5. Be2 e6 6. h3 Bxf3 7. Bxf3 d5 8. O-O
Be7 9. e5 Nfd7 10. Ne2 c5 11. c3 cxd4 12. cxd4 Nc6 13. Be3 Rc8 14. Nf4 Nb6 15.
b3 O-O 16. Bg4 Qd7 17. Qd2 Ba3 18. Nh5 f5 19. exf6 gxf6 20. Bh6 Rf7 21. Rad1
Bf8 22. Bxf8 Rcxf8 23. Rfe1 f5 24. Bf3 Nc8 25. Qh6 Nd8 26. Nf4 Rf6 27. Qh4 Nd6
28. Bxd5 exd5 29. Nxd5 R6f7 30. Re7 Rxe7 31. Nxe7+ Kf7 32. Nd5 Ne4 33. Qxh7+
Ke6 34. Nf4+ Kd6 35. Qh6+ Rf6 36. Qh4 Kc7 37. f3 Nc3 38. Rd3 Rc6 39. d5 Rc5 40.
Qf6 $11 (40. b4 $1) 40... Nxa2 (40... Qd6 $142 $11) 41. Re3 Qb5 42. Re7+ Kc8
43. Qxf5+ Kb8 44. Qd7 (44. Qe5+ $1 Kc8 45. Ne6) 44... Qxd7 45. Rxd7 Kc8 (45...
Rc1+ $1 46. Kf2 Kc8 $14) 46. Rxd8+ Kxd8 47. Ne6+ 1-0

[Event "VM Schachforum Darmstadt"]
[Site "Schachforum Darmstadt"]
[Date "2017.04.07"]
[Round "3.4"]
[White "Wuerl, Roland"]
[Black "Czappa, Fabian Alexander"]
[Result "1-0"]
[WhiteElo "2024"]
[BlackElo "1440"]
[PlyCount "45"]
[EventDate "2017.??.??"]
[SourceDate "2008.01.21"]
[WhiteTeam "SK Dieburg"]
[BlackTeam "Schachforum Darmstadt"]

1. Nf3 Nf6 2. d4 g6 3. c4 Bg7 4. Nc3 O-O 5. e4 d6 6. h3 Nbd7 7. Be3 a6 8. Be2
e5 9. d5 h6 10. g4 Nc5 11. Nd2 Nh7 12. b4 Nxe4 13. Ndxe4 f5 14. gxf5 gxf5 15.
Rg1 Qh4 16. Nd2 f4 17. Nf3 Qxh3 18. Bc1 Bg4 19. Ne4 Nf6 20. Nfd2 Nxe4 21. Nxe4
Bf5 22. Bf3 Kh8 23. Rh1 1-0

[Event "VM Schachforum Darmstadt"]
[Site "Schachforum Darmstadt"]
[Date "2017.04.07"]
[Round "3.3"]
[White "Brückmann, Gerd"]
[Black "Karimi, Farhad"]
[Result "1/2-1/2"]
[WhiteElo "1989"]
[BlackElo "2116"]
[PlyCount "102"]
[EventDate "2017.??.??"]
[SourceDate "2008.01.21"]
[WhiteTeam "SV Anderssen Arolsen"]
[BlackTeam "Satranç Club"]

1. d4 d5 2. c4 dxc4 3. e3 Nf6 4. Bxc4 e6 5. Nf3 a6 6. a4 c5 7. O-O Nc6 8. Nc3
Be7 9. Qe2 cxd4 10. Rd1 e5 11. exd4 exd4 12. Nxd4 Nxd4 13. Qe3 O-O 14. Rxd4 Qc7
15. Qf4 Qxf4 16. Bxf4 Bc5 17. Rd2 Bf5 18. h3 Rac8 19. Bd3 Be6 20. Ne4 {(=)} Bb4
21. Nxf6+ gxf6 22. Rc2 Rxc2 23. Bxc2 Rc8 24. Rc1 Rc4 25. g3 Kg7 26. Kg2 Be7 27.
b3 Rc3 28. Bd1 Rd3 29. Bc2 Rc3 30. Bd1 Rd3 31. Bc2 Rd7 32. Rd1 Bd5+ 33. f3 Rd8
34. Bc7 Rc8 35. Rxd5 Rxc7 36. Bd3 Bb4 37. Bc4 Re7 38. h4 Rc7 39. g4 h6 40. Kg3
Re7 41. h5 Rc7 42. Kg2 Kf8 43. Rd8+ Ke7 44. Rh8 Bd2 45. Rh7 Kf8 46. Rh8+ Kg7
47. Rd8 Bc1 48. Rd5 Re7 49. Rf5 Bb2 50. Rd5 Bc3 51. Kf2 Be1+ 1/2-1/2

[Event "VM Schachforum Darmstadt"]
[Site "Schachforum Darmstadt"]
[Date "2017.04.07"]
[Round "3.2"]
[White "Leck, Jakob"]
[Black "Augner, Björn"]
[Result "1-0"]
[WhiteElo "2025"]
[BlackElo "1986"]
[PlyCount "69"]
[EventDate "2017.??.??"]
[SourceDate "2008.01.21"]
[WhiteTeam "SV Lahn Limburg"]
[BlackTeam "SF Conweiler"]

1. e4 c6 2. d4 d5 3. f3 g6 4. Nc3 Bg7 5. Be3 e6 6. Qd2 Nd7 7. O-O-O a6 8. Re1
Qa5 9. Kb1 h6 10. Qf2 Ne7 11. Nge2 b5 12. g4 Bb7 13. Bg2 Rc8 14. f4 b4 15. Nd1
Nf6 16. Bc1 Nxe4 17. Bxe4 dxe4 18. Ne3 f5 19. h4 h5 20. gxh5 Rxh5 21. Ng3 Rh7
22. Nc4 Qc7 23. h5 Rd8 24. hxg6 Rxh1 25. Rxh1 Nxg6 26. Be3 Kf7 27. Ne5+ Nxe5
28. fxe5 c5 29. Nxf5 exf5 30. Qxf5+ Ke8 31. e6 Rxd4 32. Bg5 Rd5 33. Qg6+ Kf8
34. e7+ Qxe7 35. Bxe7+ 1-0

[Event "VM Schachforum Darmstadt"]
[Site "Schachforum Darmstadt"]
[Date "2017.04.07"]
[Round "3.1"]
[White "Nothnagel, Marian Can"]
[Black "Heß, Steffen"]
[Result "1/2-1/2"]
[WhiteElo "2107"]
[BlackElo "2016"]
[PlyCount "66"]
[EventDate "2017.??.??"]
[SourceDate "2008.01.21"]
[WhiteTeam "SV Griesheim"]
[BlackTeam "SC Groß-Zimmern"]

1. b3 Nf6 2. Bb2 g6 3. Bxf6 exf6 4. c4 Bg7 5. Nc3 d6 6. e3 Nd7 7. g3 O-O 8. Bg2
c6 9. Nge2 Qc7 10. O-O f5 11. Rc1 b6 12. d4 Bb7 13. d5 c5 14. Qc2 Nf6 15. h3 a6
16. Rfd1 Rfe8 17. a3 Bc8 18. Qb1 Bd7 19. b4 Rab8 20. Kh2 Rb7 21. Qd3 Rc8 22.
bxc5 bxc5 23. Rb1 Rcb8 24. Rxb7 Rxb7 25. Rb1 Qb8 26. Qc2 Rxb1 27. Nxb1 Be8 28.
Nbc3 Qb6 29. Kg1 Nd7 30. f4 Qa5 31. Qb3 Qb6 32. Qc2 Qa5 33. Qb3 Qb6 {(=)}
1/2-1/2

[Event "VM Schachforum Darmstadt"]
[Site "Schachforum Darmstadt"]
[Date "2017.03.30"]
[Round "2.13"]
[White "Barutzki, Armin"]
[Black "Gärtner, Peter"]
[Result "0-1"]
[WhiteElo "1100"]
[BlackElo "1689"]
[PlyCount "98"]
[EventDate "2017.??.??"]
[SourceDate "2008.01.21"]
[WhiteTeam "vereinslos"]
[BlackTeam "SV Bodenheim"]

1. c4 c5 2. Nc3 Nc6 3. Nf3 g6 4. g3 Bg7 5. Bg2 Rb8 6. O-O Nf6 7. a3 d6 8. Re1
O-O 9. e4 a6 10. Rb1 Be6 11. d3 b5 12. Ng5 Nd4 13. Be3 Bd7 14. Bxd4 cxd4 15.
Nd5 e6 16. Nxf6+ Bxf6 17. Nf3 e5 18. b4 Qe7 19. Nd2 Rfc8 20. h4 h5 21. Rc1 Be6
22. Bf3 Qd7 23. Bxh5 gxh5 24. Qxh5 Bg4 25. Qh6 Bg7 26. Qg5 Be6 27. Nf3 bxc4 28.
h5 f6 29. Qh4 Kh7 30. Kg2 Qf7 31. g4 Bh6 32. Rcd1 Rg8 33. Nh2 c3 34. f3 Bg5 35.
Qf2 Kh6 36. Re2 Bb3 37. Rb1 Ba4 38. Qe1 Rbc8 39. Rf2 c2 40. Rc1 d5 41. Nf1 dxe4
42. fxe4 Rc3 43. Rf3 Rxa3 44. Ne3 dxe3 45. Rxe3 Qa7 46. Rf3 Qd4 47. Kh3 Rxd3
48. Qf1 Rxf3+ 49. Qxf3 Qe3 0-1

[Event "VM Schachforum Darmstadt"]
[Site "Schachforum Darmstadt"]
[Date "2017.03.30"]
[Round "2.12"]
[White "Schönwelski, Ralph"]
[Black "Starkbaum, Thomas"]
[Result "1-0"]
[WhiteElo "1587"]
[BlackElo "1100"]
[PlyCount "119"]
[EventDate "2017.??.??"]
[SourceDate "2008.01.21"]
[WhiteTeam "SC Heimbach-Weis"]
[BlackTeam "vereinslos"]

1. e4 d5 2. exd5 Nf6 3. Nf3 Nxd5 4. Bb5+ Bd7 5. Be2 Nc6 6. d4 g6 7. c4 Nf6 8.
d5 Nb8 9. Nc3 e6 10. Qb3 b6 11. Bg5 h6 12. Bh4 Na6 13. dxe6 fxe6 14. Qc2 Rg8
15. Bd3 g5 16. Bg6+ Ke7 17. Nxg5 hxg5 18. Bxg5 Bg7 19. O-O-O c6 20. Bh7 Rf8 21.
Qg6 Rf7 22. Ne4 Qf8 23. Nd6 Rd8 24. Rhe1 Nc7 25. h4 b5 26. h5 bxc4 27. h6 Bh8
28. Qxf7+ Qxf7 29. Nxf7 Kxf7 30. Bxf6 Bxf6 31. Be4 Nd5 32. f3 c3 33. bxc3 Nxc3
34. Rd2 Ke7 35. Rc2 Rb8 36. Kd2 Nb1+ 37. Kd3 Na3 38. Rce2 c5 39. Ke3 Nc4+ 40.
Kf4 Kf7 41. Kg3 Be5+ 42. Kh3 Bf4 43. g4 e5 44. Bd5+ Be6 45. Bxc4 Bxc4 46. Rc2
Bd5 47. Rxc5 Bxf3 48. Rc7+ Kf6 49. Rxa7 Rh8 50. Ra6+ Kg5 51. Rg1 Rxh6+ 52. Rxh6
Kxh6 53. a4 Bd2 54. Kg3 e4 55. Kf2 Kg5 56. Rg3 Kf4 57. Rxf3+ exf3 58. g5 Be3+
59. Kf1 Kxg5 60. a5 {Zeitüberschreitung} 1-0

[Event "VM Schachforum Darmstadt"]
[Site "Schachforum Darmstadt"]
[Date "2017.03.30"]
[Round "2.11"]
[White "Goldbach, Max"]
[Black "Schneider, Kevin"]
[Result "0-1"]
[WhiteElo "1100"]
[BlackElo "1611"]
[PlyCount "56"]
[EventDate "2017.??.??"]
[SourceDate "2008.01.21"]
[WhiteTeam "vereinslos"]
[BlackTeam "SC Breuberg"]

1. e4 e5 2. Bc4 Nc6 3. d3 Na5 4. b3 Nf6 5. Bg5 a6 6. Bxf6 Qxf6 7. Qd2 Nc6 8. c3
Na5 9. b4 Nxc4 10. dxc4 d6 11. h3 Be6 12. Na3 Be7 13. Ne2 Qg6 14. Ng3 Bg5 15.
Qd3 O-O 16. Nf5 Bxf5 17. exf5 Qf6 18. h4 Bh6 19. h5 e4 20. Qd4 Qxf5 21. Nc2 e3
22. f3 Qxc2 23. O-O Rfe8 24. Rae1 e2 25. Rf2 Be3 26. Qg4 Bxf2+ 27. Kxf2 Qxc3
28. f4 Qe3# 0-1

[Event "VM Schachforum Darmstadt"]
[Site "Schachforum Darmstadt"]
[Date "2017.03.30"]
[Round "2.10"]
[White "Blanquett, Jan Niklas"]
[Black "Strothjohann, Thomas"]
[Result "1-0"]
[WhiteElo "1694"]
[BlackElo "1162"]
[PlyCount "59"]
[EventDate "2017.??.??"]
[SourceDate "2008.01.21"]
[WhiteTeam "SV Rochade Hünfeld"]
[BlackTeam "SC Breuberg"]

1. d4 d5 2. c4 Nf6 3. Nf3 Nc6 4. Nc3 Bf5 5. Bg5 e6 6. cxd5 exd5 7. Qb3 Bb4 8.
a3 Bxc3+ 9. bxc3 Rb8 10. Bxf6 gxf6 11. e3 O-O 12. c4 Na5 13. Qc3 c6 14. c5 Be4
15. Be2 b5 16. cxb6 Rxb6 17. Nd2 f5 18. O-O Bxg2 19. Kxg2 c5 20. Kh1 Rg6 21.
Rg1 c4 22. Bh5 Rxg1+ 23. Rxg1+ Kh8 24. Nf3 Nb7 25. Ne5 Nd6 26. Qb4 Rg8 27. Qxd6
Rxg1+ 28. Kxg1 Qg5+ 29. Kh1 Qxh5 30. Qf8# 1-0

[Event "VM Schachforum Darmstadt"]
[Site "Schachforum Darmstadt"]
[Date "2017.03.30"]
[Round "2.9"]
[White "Pauli, Walter"]
[Black "Brockmann, Marcus"]
[Result "1/2-1/2"]
[WhiteElo "1852"]
[BlackElo "1585"]
[PlyCount "118"]
[EventDate "2017.??.??"]
[SourceDate "2008.01.21"]
[WhiteTeam "Schachforum Darmstadt"]
[BlackTeam "Schachforum Darmstadt"]

1. e4 e5 2. Nf3 Nc6 3. Bb5 a6 4. Ba4 Nf6 5. O-O Be7 6. Re1 b5 7. Bb3 d5 8. exd5
Nxd5 9. Nxe5 Nxe5 10. Rxe5 c6 11. Bxd5 cxd5 12. Qf3 Be6 13. d4 Bf6 14. Re1 Bxd4
15. c3 Bf6 16. Be3 O-O 17. Bd4 Bxd4 18. cxd4 Rc8 19. Nc3 Qd7 20. b3 Bg4 21. Qd3
Bf5 22. Qd2 Be6 23. Rac1 Rc6 24. Ne2 Rfc8 25. Rxc6 Rxc6 26. Rc1 Qc8 27. h3
Rxc1+ 28. Nxc1 Bf5 29. Ne2 Qc2 30. Qxc2 Bxc2 31. b4 $2 $11 (31. Nc3 $142 $16)
31... Bd3 32. Nc3 Bc4 33. f4 Kf8 34. Kf2 Ke7 35. a3 Ke6 36. g4 g6 37. Nd1 f6
38. Ne3 g5 39. fxg5 fxg5 40. Nf5 Bd3 41. Ne3 Bc4 42. Kg3 Bd3 43. h4 h6 44. h5
Be4 45. Kf2 Kf6 46. Ke2 Ke6 47. Nd1 Kd6 48. Nc3 Ke6 49. Ke3 (49. a4 bxa4 50.
Nxa4 Bc2 51. Nc5+ Kd6 52. Nxa6 Ba4 53. Kf3 $16) 49... Bc2 50. Kd2 Be4 51. Nd1
Bf3 52. Ne3 Be4 53. Ke2 Kf6 54. Nd1 Ke6 55. Nc3 Kd6 56. Kf2 Ke6 57. Ke3 Bc2 58.
Ne2 Be4 59. Nc1 Bc2 1/2-1/2

[Event "VM Schachforum Darmstadt"]
[Site "Schachforum Darmstadt"]
[Date "2017.03.30"]
[Round "2.8"]
[White "Czappa, Fabian Alexander"]
[Black "Torrijos, Javier"]
[Result "1-0"]
[WhiteElo "1440"]
[BlackElo "1608"]
[PlyCount "53"]
[EventDate "2017.??.??"]
[SourceDate "2008.01.21"]
[WhiteTeam "Schachforum Darmstadt"]
[BlackTeam "Schachforum Darmstadt"]

1. Nf3 c6 2. g3 d5 3. Bg2 Nf6 4. d3 Bg4 5. O-O e6 6. Nbd2 Nbd7 7. c4 h5 8. h3
Bf5 9. Nh4 Nh7 {Wohl ein Fingerfehler, denn logischer wäre 9...Lh7 gewesen.}
10. cxd5 cxd5 11. e4 dxe4 12. dxe4 Bg6 13. f4 Be7 14. f5 Qb6+ 15. Kh1 Bxh4 16.
fxg6 Nhf6 17. gxf7+ Kxf7 18. gxh4 Kg8 19. Nc4 Qc5 20. b3 Qc7 21. Bb2 Qg3 22. e5
Nd5 23. Bxd5 Qxh3+ 24. Kg1 exd5 25. Qxd5+ Kh7 26. e6 Nc5 27. Qxh5+ (27. Qxh5+
Kg8 28. Qf7+ Kh7 29. Qxg7#) 1-0

[Event "VM Schachforum Darmstadt"]
[Site "Schachforum Darmstadt"]
[Date "2017.03.30"]
[Round "2.7"]
[White "Tampe, Alexander"]
[Black "Cors, Heinz-Friedrich"]
[Result "1/2-1/2"]
[WhiteElo "1713"]
[BlackElo "1952"]
[PlyCount "43"]
[EventDate "2017.??.??"]
[SourceDate "2008.01.21"]
[WhiteTeam "Schachforum Darmstadt"]
[BlackTeam "Schachforum Darmstadt"]

1. e4 e5 2. Nf3 Nc6 3. d4 exd4 4. Nxd4 Nf6 5. Nxc6 bxc6 6. Bd3 Bb4+ 7. c3 Be7
8. Bf4 d6 9. Nd2 Be6 10. O-O O-O 11. Qc2 Nh5 12. Be3 g6 13. f4 f5 14. exf5 Bxf5
15. Bxf5 gxf5 16. Rf3 Qd7 17. Rh3 Nf6 18. Nf3 Ng4 19. Bd2 Rae8 20. Re1 Bf6 21.
Rxe8 Rxe8 22. Qd3 1/2-1/2

[Event "VM Schachforum Darmstadt"]
[Site "Schachforum Darmstadt"]
[Date "2017.03.30"]
[Round "2.6"]
[White "Karimi, Farhad"]
[Black "Piepenhagen, Mathias"]
[Result "1-0"]
[WhiteElo "2116"]
[BlackElo "1100"]
[PlyCount "51"]
[EventDate "2017.??.??"]
[SourceDate "2008.01.21"]
[WhiteTeam "Satranç Club"]
[BlackTeam "Schachforum Darmstadt"]

1. d4 e6 2. Nf3 Nf6 3. e3 d5 4. Bd3 c5 5. b3 cxd4 6. exd4 Bb4+ 7. c3 Be7 8. O-O
O-O 9. Nbd2 b6 10. Qe2 Nc6 11. Ne5 Qc7 12. Bb2 Bd6 13. f4 Be7 14. Rf3 h6 15.
Rh3 Bb7 16. g4 Nxe5 17. fxe5 Nh7 18. Nf3 Ng5 19. Nxg5 Bxg5 20. Ba3 Be7 21. Bc1
Qxc3 22. Bh7+ Kxh7 23. Rxc3 Bb4 24. Rc7 Rab8 25. g5 Kg8 26. gxh6 1-0

[Event "VM Schachforum Darmstadt"]
[Site "Schachforum Darmstadt"]
[Date "2017.03.30"]
[Round "2.5"]
[White "Heß, Steffen"]
[Black "Nguyen, Mau Duong"]
[Result "1-0"]
[WhiteElo "2016"]
[BlackElo "1638"]
[PlyCount "43"]
[EventDate "2017.??.??"]
[SourceDate "2008.01.21"]
[WhiteTeam "SC Groß-Zimmern"]
[BlackTeam "Schachforum Darmstadt"]

1. d4 Nf6 2. Nf3 b6 3. e3 e6 4. Bd3 Bb7 5. Nbd2 d5 6. Ne5 Be7 7. f4 O-O 8. Qf3
c5 9. c3 Nbd7 10. O-O Nxe5 11. fxe5 Nd7 12. Qh3 g6 13. Nf3 f5 14. exf6 Rxf6 15.
Bd2 Qc8 16. Be1 Nf8 17. Bh4 Rf7 18. Ne5 Rxf1+ 19. Rxf1 Bxh4 20. Qxh4 Ba6 21.
Qh6 Bxd3 22. Rf7 1-0

[Event "VM Schachforum Darmstadt"]
[Site "Schachforum Darmstadt"]
[Date "2017.03.30"]
[Round "2.4"]
[White "Hartmann, Marc Holger"]
[Black "Leck, Jakob"]
[Result "0-1"]
[WhiteElo "1658"]
[BlackElo "2025"]
[PlyCount "112"]
[EventDate "2017.??.??"]
[SourceDate "2008.01.21"]
[WhiteTeam "Schachforum Darmstadt"]
[BlackTeam "SV Lahn Limburg"]

1. e4 e6 2. Nf3 d5 3. e5 c5 4. b4 cxb4 5. a3 bxa3 6. d4 Nc6 7. c3 f6 8. Bd3
fxe5 9. dxe5 g6 10. O-O Bg7 11. Re1 Nge7 12. Nxa3 O-O 13. Bg5 Qd7 14. Nb5 b6
15. Nd6 Nxe5 16. Nxe5 Qxd6 17. Bxe7 Qxe7 18. Bxg6 Bxe5 19. Bxh7+ Qxh7 20. Rxe5
Rf5 21. Re3 Qg7 22. Ra4 Rg5 23. Rg3 Rxg3 24. hxg3 Kf8 25. Qf3+ Ke7 26. Rg4 Qe5
27. Rh4 Ba6 28. Rh7+ Kd6 29. Qf7 Kc5 30. Qe7+ Qd6 31. Qh4 Bc4 32. Qd4+ Kc6 33.
Qg7 Rf8 34. Qb7+ Kb5 35. Rd7 Qa3 36. Rh7 Qxc3 37. Qd7+ Ka5 38. Qxa7+ Ba6 39.
Qe7 Qa1+ 40. Kh2 Rh8 41. Rh4 Rxh4+ 42. gxh4 Qe5+ 43. g3 Be2 44. Qa3+ Kb5 45.
Qb3+ Kc6 46. Qa4+ b5 47. Qa8+ Kc5 48. Qa3+ b4 49. Qa5+ Kc4 50. Qa2+ b3 51. Qa4+
Kc3 52. Qa5+ Kb2 53. Qd2+ Kb1 54. Qe1+ Kc2 55. h5 Qxh5+ 56. Kg1 Bf3 0-1

[Event "VM Schachforum Darmstadt"]
[Site "Schachforum Darmstadt"]
[Date "2017.03.30"]
[Round "2.3"]
[White "Augner, Björn"]
[Black "Remscheid, Torsten"]
[Result "1-0"]
[WhiteElo "1986"]
[BlackElo "1689"]
[PlyCount "45"]
[EventDate "2017.??.??"]
[SourceDate "2008.01.21"]
[WhiteTeam "SF Conweiler"]
[BlackTeam "Schachforum Darmstadt"]

1. c4 d6 2. d4 e5 3. Nf3 Nd7 4. Nc3 c6 5. g3 Be7 6. Bg2 Ngf6 7. O-O O-O 8. Qc2
Re8 9. Rd1 Qc7 10. Bd2 a6 11. Rac1 b6 12. Be1 Bb7 13. Nh4 Bf8 14. Nf5 g6 15.
Ne3 Rec8 16. Ne4 Nxe4 17. Qxe4 Bg7 18. Bc3 b5 19. cxb5 axb5 20. dxe5 Bxe5 21.
Bxe5 Nxe5 22. Qh4 Nd7 23. Nd5 1-0

[Event "VM Schachforum Darmstadt"]
[Site "Schachforum Darmstadt"]
[Date "2017.03.30"]
[Round "2.1"]
[White "Wiewesiek, Timo"]
[Black "Nothnagel, Marian Can"]
[Result "0-1"]
[WhiteElo "1925"]
[BlackElo "2107"]
[PlyCount "86"]
[EventDate "2017.??.??"]
[SourceDate "2008.01.21"]
[WhiteTeam "Schachforum Darmstadt"]
[BlackTeam "SV Griesheim"]

1. b3 a5 2. Bb2 Nf6 3. e3 d6 4. f4 g6 5. Bxf6 exf6 6. Nc3 Bg7 7. Nf3 O-O 8. Be2
b6 9. O-O Bb7 10. Qe1 f5 11. Nd4 Na6 12. a3 Nc5 13. Rb1 Re8 14. Qf2 Ne6 15. Bb5
Nxd4 16. Bxe8 Nxc2 17. Ba4 Nxa3 18. Rbc1 c6 19. d4 b5 20. Qb2 b4 21. Nb1 Qe7
22. Rfe1 Nxb1 23. Qxb1 c5 24. Qd3 Be4 25. Qc4 cxd4 26. exd4 Qa7 27. Red1 h5 28.
Kf1 Qe7 29. Qe2 Qh4 30. g3 Qh3+ 31. Kg1 h4 32. Qf2 hxg3 33. Qxg3 Qh5 34. Rd2
Bf6 35. h3 Bh4 36. Qe3 g5 37. Kh2 Kh8 38. Bb5 gxf4 39. Qxf4 Bg5 40. Qf2 Bxd2
41. Qxd2 Rg8 42. Rg1 Rxg1 43. Kxg1 Qxh3 0-1

[Event "VM Schachforum Darmstadt"]
[Site "Schachforum Darmstadt"]
[Date "2017.03.24"]
[Round "1.14"]
[White "Piepenhagen, Mathias"]
[Black "Tampe, Alexander"]
[Result "1/2-1/2"]
[WhiteElo "1100"]
[BlackElo "1713"]
[PlyCount "51"]
[EventDate "2017.??.??"]
[SourceDate "2008.01.21"]
[WhiteTeam "Schachforum Darmstadt"]
[BlackTeam "Schachforum Darmstadt"]

1. e4 e5 2. Nf3 Nc6 3. Bb5 Bc5 4. Nc3 d6 5. Na4 Bb6 6. O-O Nge7 7. Nxb6 axb6 8.
d4 exd4 9. Nxd4 O-O 10. Nxc6 Nxc6 11. Bxc6 bxc6 12. b4 Be6 13. a3 Qf6 14. Bd2
d5 15. Re1 dxe4 16. Rxe4 Bd5 17. Rf4 Qd6 18. c4 Be6 19. Be3 Rfd8 20. Rd4 Qe7
21. c5 Bd5 22. cxb6 cxb6 23. Qh5 b5 24. Qg5 Qxg5 25. Bxg5 Re8 26. Be3 {(=)}
1/2-1/2

[Event "VM Schachforum Darmstadt"]
[Site "Schachforum Darmstadt"]
[Date "2017.03.24"]
[Round "1.13"]
[White "Nguyen, Mau Duong"]
[Black "Barutzki, Armin"]
[Result "1-0"]
[WhiteElo "1638"]
[BlackElo "1100"]
[PlyCount "77"]
[EventDate "2017.??.??"]
[SourceDate "2008.01.21"]
[WhiteTeam "Schachforum Darmstadt"]
[BlackTeam "vereinslos"]

1. e4 e6 2. d4 b6 3. c4 Bb7 4. Bd3 Nc6 5. Ne2 g6 6. O-O Bg7 7. Be3 Nge7 8. Nbc3
Nb4 9. Bb1 h6 10. a3 Nbc6 11. Qd2 d6 12. Bc2 f5 13. f3 g5 14. Rad1 f4 15. Bf2
a6 16. Ba4 O-O 17. Bxc6 Bxc6 18. b4 Qe8 19. d5 Bd7 20. c5 e5 21. cxb6 cxb6 22.
Bxb6 Bb5 23. Rfe1 Bf6 24. Rc1 Kg7 25. Ba5 h5 26. Nxb5 axb5 27. Rc7 Kg6 28. Rec1
g4 29. Kh1 Rh8 30. Qd3 Rc8 31. Nc3 Rxc7 32. Bxc7 g3 33. h3 Qd7 34. Nxb5 Rc8 35.
a4 Kg5 36. Rc3 h4 37. Bxd6 Rxc3 38. Qxc3 Ng6 39. Qc6 1-0

[Event "VM Schachforum Darmstadt"]
[Site "Schachforum Darmstadt"]
[Date "2017.03.24"]
[Round "1.12"]
[White "Starkbaum, Thomas"]
[Black "Hartmann, Marc Holger"]
[Result "0-1"]
[WhiteElo "1100"]
[BlackElo "1658"]
[PlyCount "92"]
[EventDate "2017.??.??"]
[SourceDate "2008.01.21"]
[WhiteTeam "vereinslos"]
[BlackTeam "Schachforum Darmstadt"]

1. e4 e5 2. Nf3 Nc6 3. Bb5 f5 4. Bxc6 dxc6 5. Nxe5 Qd4 6. Qh5+ g6 7. Nxg6 hxg6
8. Qxg6+ Kd8 9. O-O Ne7 10. Qg3 Rg8 11. Qd3 Qxd3 12. cxd3 fxe4 13. dxe4 Bh3 14.
g3 Bxf1 15. Kxf1 Bh6 16. f4 Bg7 17. d3 Kd7 18. Na3 Rh8 19. h4 Bd4 20. Ke2 Rag8
21. Kf3 Rh7 22. Nc2 Bb6 23. Bd2 Rhg7 24. Be1 c5 25. a4 a5 26. Ne3 Nc6 27. Nd5
Nd4+ 28. Kg2 Rf8 29. Bd2 Nb3 30. Rd1 Nxd2 31. Rxd2 Ba7 32. e5 c6 33. Nf6+ Ke6
34. g4 Rxf6 35. exf6 Rxg4+ 36. Kf3 Rxh4 37. Re2+ Kxf6 38. Kg3 Rh7 39. Kg4 Bb8
40. Re4 Bd6 41. d4 Rg7+ 42. Kf3 Re7 43. Rxe7 Bxe7 44. Ke4 c4 45. Ke3 Kf5 46.
Kf3 Bd6 0-1